Alcohol use and abuse on an urban commuter campus / [et al.] (Record no. 62095)

MARC details
000 -CABECERA
campo de control de longitud fija 00682nam a2200253 a 4500
005 - FECHA Y HORA DE LA ÚLTIMA TRANSACCIÓN
campo de control 20210219152844.0
008 - ELEMENTOS DE LONGITUD FIJA--INFORMACIÓN GENERAL
campo de control de longitud fija 991125n 000 0 eng u
035 ## - NÚMERO DE CONTROL DEL SISTEMA
Número de control de sistema UPN01000063418
100 ## - ASIENTO PRINCIPAL--NOMBRE PERSONAL
Nombre de persona Hunnicutt, David M.
222 ## - TÍTULO CLAVE
Título clave NASPA JOURNAL
245 ## - MENCIÓN DE TÍTULO
Título Alcohol use and abuse on an urban commuter campus / [et al.]
300 ## - DESCRIPCIÓN FÍSICA
Extensión 290-298
362 ## - FECHAS DE PUBLICACIÓN Y/O DESIGNACIÓN SECUENCIAL
Fecha de publicación y/o designación secuencial 1992 29, No. 4
505 ## - NOTA DE CONTENIDO CON FORMATO PREESTABLECIDO
Nota de contenido con formato Enero 1993
653 0# - TERMINO DE INDIZACION - NO CONTROLADO
Término no controlado ALCOHOLISMO
653 0# - TERMINO DE INDIZACION - NO CONTROLADO
Término no controlado BEBIDA
653 0# - TERMINO DE INDIZACION - NO CONTROLADO
Término no controlado COLEGIOS DE COMPUTACION
653 0# - TERMINO DE INDIZACION - NO CONTROLADO
Término no controlado CONDUCTA DEL ESTUDIANTE
653 0# - TERMINO DE INDIZACION - NO CONTROLADO
Término no controlado EDUCACION URBANA
700 ## - ASIENTO SECUNDARIO--NOMBRE DE PERSONAL
Nombre de persona Davis, Joe L.
700 ## - ASIENTO SECUNDARIO--NOMBRE DE PERSONAL
Nombre de persona Perry-Hunnicutt, Christina
904 ## - ELEMENTOS DE DATOS D LOCAL, LDD (RLIN)
a AC
b 001229
905 ## - TIPO DE MATERIAL
Tipo de material Articulo

No items available.